000
00313nam a2200121Ia 4500
008
191201s2009 xx 000 0 und d
100
_a
SRIVASTAVA, S.C.
245
0
_a
Management of Industrial Relations MBA-OB HRD 6 SEM-3
260
_a
N. Delhi
_b
Vikas Pub
_c
2009
300
_a
300
650
_a
MBA
942
_2
ddc
_c
BK
999
_c
278
_d
278